| 000 | 01394cam a22003255a 4500 | ||
|---|---|---|---|
| 003 | EG-ScBUE | ||
| 005 | 20220509135600.0 | ||
| 008 | 090709r20122007enka f b 001 0 eng d | ||
| 020 | _a9780194422109 | ||
| 040 |
_aEG-ScBUE _beng _erda _cEG-ScBUE _dEG-ScBUE |
||
| 082 | 0 | 4 |
_a418.007 _bWIL _222 |
| 100 | 1 |
_aWillis, Dave, _eauthor. _97826 |
|
| 245 | 1 | 0 |
_aDoing task-based teaching / _cDave Willis, Jane Willis. |
| 250 | _aReprint edition. | ||
| 264 | 1 |
_aOxford : _bOxford University Press, _c2012. |
|
| 300 |
_axv, 278 pages : _billustrations ; _c25 cm. |
||
| 336 |
_2rdacontent _atext _btxt |
||
| 337 |
_2rdamedia _aunmediated _bn |
||
| 338 |
_2rdacarrier _avolume _bnc |
||
| 490 | 0 | _aOxford handbooks for language teachers | |
| 504 | _aIncludes bibliographical references and index. | ||
| 520 | _aAimed at language teachers who want to gain a better understanding of task-based learning and how it works in practice, this text demonstrates procedures for designing and adapting tasks. It also shows how to provide a focus on grammar and vocabulary within a task-based framework. | ||
| 650 | 7 |
_aLanguage and languages _xStudy and teaching. _2BUEsh _97827 |
|
| 650 | 7 |
_aTask analysis in education. _2BUEsh _97828 |
|
| 651 | 7 | _2BUEsh | |
| 653 |
_bHHUUEENN _cJuly2019 |
||
| 655 |
_vReading book _934232 |
||
| 700 | 1 |
_aWillis, Jane R. _q(Jane Rosemary), _d1944- _eauthor. _97829 |
|
| 942 |
_2ddc _cBB |
||
| 999 |
_c12279 _d12279 |
||